Bányászati Munkálatok a Bányász Munkája a közeten, vagy a jövesztés munkálytai és szerszámai

Bibliographic Details
Main Author: Litschauer, Ľudovít, 1858-1937 (Author)
Format: Book
Language:Undetermined
PhysicalDescription:144 s.
Published: Selmeczbánya Ágost Joerges 1900
Edition:1. maď. vyd.

MARC

LEADER 00000nam a2200000 a 4500
001 vtls001454379
003 SK-MaSNL
005 20260301104041.0
008 240318s1900 xx 0 und
035 |a SNK000409686 
040 |a SNK  |b slo  |c SNK  |e AACR2 
041 0 |a und 
044 |a xx 
100 1 |a Litschauer, Ľudovít,  |d 1858-1937  |4 aut  |9 67704 
245 1 0 |a Bányászati Munkálatok  |b a Bányász Munkája a közeten, vagy a jövesztés munkálytai és szerszámai 
250 |a 1. maď. vyd. 
260 |a Selmeczbánya  |b Ágost Joerges  |c 1900 
300 |a 144 s. 
958 |a ONDV 
999 |c 697101  |d 699031 
952 |t P60, <03>, [BOOK], {603}  |a SNK  |b SNK  |y PREZ  |7 0  |p 17A0383489  |o snkSD 3530  |i snk3432/34  |0 0  |1 0  |4 0  |d 2003-05-30  |l 0  |r 2025-11-06 00:00:00  |w 2026-02-23